Rockbands nach Songs erraten - Statistiken

Allgemein
  • Dieses Quiz wurde 97 mal gespielt
  • Das Durchschnittsergebnis liegt bei 20 aus 30
Antwortstatistiken
Songs Band % Korrekt
Bohemian Rhapsody, We will rock you, Another one bites the dust Queen
98%
Let it be, Hey Jude, Here comes the sun The Beatles
98%
Thunderstruck, Hells Bells, Highway to hell AC/DC
95%
Smells like teen spirit, Come as you are, The man who sold the world Nirvana
93%
Nothing else matters, Enter Sandman, Master of Puppets Metallica
91%
Africa, Hold the line, Rosanna Toto
90%
Wind of Change, Rock you like a hurricane, Still loving you Scorpions
87%
Boulevard of broken dreams, Amrican Idiot, 21 Guns Green Day
83%
Sonne, Engel, Amerika Rammstein
83%
Every breath you take, Roxanne, Message in a bottle The Police
83%
In the end, Numb, Burn it down Linkin Park
78%
Sweet Child´O Mine, Paradise City, Welcome to the jungle Guns N Roses
77%
Another brick in the wall, Wish you were here, Time Pink Floyd
76%
Stairway to heaven, Black dog, Immigrant Song Led Zeppelin
72%
Californication, Under the bridge, snow Red Hot Chili Peppers
72%
With or without you, Beautiful Day, I still haven´t found what I´m looking for U2
71%
Jump, Panama, Eruption Van Halen
69%
Paranoid, Iron Man, War Pigs Black Sabbath
64%
Gimme Shelter, Angie, Sympathy for the devil The Rolling Stones
64%
Dream on, I don't wanna miss a thing, Walk this way Aerosmith
63%
The Trooper, The number of the beast, Run to the hills Iron Maiden
53%
The kids aren't alright, Pretty Fly (for a white guy), Self Esteem The Offspring
51%
Sweet Home Alabama, Free Bird, Simple Man Lynyrd Skynyrd
49%
Chop Suey, Toxicity, Vicinity of Obscenity System of a down
47%
The Pretender, Everlong, My Hero Foo Fighters
45%
Riders on the storm, People are strange, Alabama Song The Doors
43%
Behind Blue Eyes, My Generation, Baba O´Riley The Who
40%
Little Lies, Dreams, Rhiannon Fleetwood Mac
31%
Even Flow, Alive, Jeremy Pearl Jam
26%
Don't fear the Reaper, Godzilla, Astronomy Blue Öyster Cult
19%
Keine übereinstimmenden Quizze gefunden
Verteilung der Resultate
Anzahl Personen mit jedem Resultat
Perzentil nach korrekt beantworteten Fragen
Ihre Resultats-Entwicklung
Sie haben dieses Quiz noch nicht gespielt